000 00880nam a22002897a 4500
001 BR6000018
003 BR-BrBNA
005 20230928095517.0
007 ta
008 230509b bl.||||| |||| 00| 0 por d
040 _aBR-BrBNA
_bpor
_cBiblioteca Nacional de Agricultura
041 _a(Por)
072 _aC10; F01
090 _ C10 BR6000018
100 1 _aBarcellos, F.M.P.
110 1 _aUniversidade Rural do Estado de Minas Gerais, Vicosa (Brasil)
_911280
245 1 _aApontamentos de botanica geral. Para vestibulares de engenharia agronomica e engenharia florestal, incluindo provas do concurso de habilitacao
260 3 _aVicosa, MG (Brasil):
_c1969.
300 _a115 p.
650 _aEducacao
650 _aBotanica
650 _aEngenharia Florestal
650 _aAgronomia
650 _aCurso
909 _a202309
_bLucia
_c55
_dLucia Elande
942 _cBK
999 _c56987
_d56987